Biochimie générale (Record no. 41643)
[ view plain ]
| 000 -LEADER | |
|---|---|
| fixed length control field | 00528 a2200241 4500 |
| 037 ## - SOURCE OF ACQUISITION | |
| Source of stock number/acquisition | 2, Achat |
| 037 ## - SOURCE OF ACQUISITION | |
| Stock number | S 29578 |
| 037 ## - SOURCE OF ACQUISITION | |
| Stock number | S 29579 |
| 020 ## - NUMERO INTERNATIONAL NORMALISE DES LIVRES | |
| International Standard Book Number | 2.225.41756.3 |
| 100 ## - VEDETTE PRINCIPALE - NOM DE PERSONNE | |
| Personal name | Weil, J.-H. |
| 100 ## - VEDETTE PRINCIPALE - NOM DE PERSONNE | |
| Language of a work | Fr |
| 260 ## - PUBLICATION, DISTRIBUTION, ETC. (IMPRINT) | |
| Place of publication, distribution, etc | Paris |
| 260 ## - PUBLICATION, DISTRIBUTION, ETC. (IMPRINT) | |
| Name of publisher, distributor, etc | Masson et Cie |
| 245 ## - TITLE STATEMENT | |
| Title | Biochimie générale |
| 260 ## - PUBLICATION, DISTRIBUTION, ETC. (IMPRINT) | |
| Date of publication, distribution, etc | 1975 |
| 250 ## - EDITION STATEMENT | |
| Edition statement | 2e éd. revue et corrigée |
| 300 ## - PHYSICAL DESCRIPTION | |
| Extent | 427 p. |
| 300 ## - PHYSICAL DESCRIPTION | |
| Other physical details | 21cm |
| 630 ## - SUBJECT ADDED ENTRY--UNIFORM TITLE | |
| Uniform title | 57 - Biologie |
| 650 ## - SUBJECT ADDED ENTRY--TOPICAL TERM | |
| Topical term or geographic name as entry element | 5 - SCIENCES EXACTES ET NATURELLES |
| 650 ## - SUBJECT ADDED ENTRY--TOPICAL TERM | |
| Topical term or geographic name as entry element | Biochimie |
| Withdrawn status | Lost status | Damaged status | Not for loan | Location (home branch) | Sublocation or collection (holding branch) | Date acquired | Koha issues (times borrowed) | Koha full call number | Koha date last seen | Price effective from | Koha item type |
|---|---|---|---|---|---|---|---|---|---|---|---|
| Bibliothèque Universitaire Centrale | Bibliothèque Universitaire Centrale | 28/02/2009 | 577.1 WEI | 28/02/2009 | 28/02/2009 | Livre |